| 000 | 01047nam0a22002531 4500 | ||
|---|---|---|---|
| 001 | rc\1128605 | ||
| 005 | 20260406222550.0 | ||
| 035 | _a(NLR Aleph) 006370546 | ||
| 090 |
_a4991995 _c4991995 |
||
| 100 | _a20041126d1981 |||y0rusy50 ca | ||
| 101 | 0 | _arus | |
| 102 | _aRU | ||
| 105 | _ay ||||||||| | ||
| 200 | 1 |
_aВоспитание дошкольников в труде _eМетод. рекомендации _fРост. обл. отд-ние Пед. о-ва РСФСР, Рост. обл. ин-т усовершенствования учителей _g[Л.Е. Образцова, к. п. н., доц.] |
|
| 210 |
_aРостов н/Д _cБ. и. _d1981 |
||
| 215 |
_a13 с. _d21 |
||
| 320 | _aБиблиогр.: с. 13 | ||
| 702 | 1 |
_aОбразцова _bЛ.Е. _4220 |
|
| 712 | 0 | 2 |
_aПедагогическое общество РСФСР _bРостовское областное отделение _9451965 _3RU\NLR\AUTH\889977626 |
| 801 | 0 |
_aRU _bNLR _gpsbo |
|
| 801 | 1 |
_aRU _bELAR _2rusmarc |
|
| 852 |
_aNLR _j81-4/27954 |
||
| 942 | _cBOOK | ||
| 980 | _aNB | ||